000 00360nam a2200145Ia 4500
008 230917s9999||||xx |||||||||||||| ||und||
040 _e118890
_aMAIN
041 _aEnglish
082 _a338.4791 C399E
100 _aChawla, Romila
245 0 _aEco-tourism and development
260 _aDelhi
_bSonali Publications
_c2003
300 _a257 p.
942 _cBK
999 _c129441
_d129441